000 01030nam a2200253 a 4500
001 44762
003 BD-RjUL
005 20211209053919.0
008 160720s1961 ii ||||| |||| 001 0 ben d
020 _c: IRs. 4.50
035 _a(BD-RjUL)44880
040 _aBD-RjUL
_bben
_cBD-RjUL
041 _aben
082 _223
_a891.44309
_bSEB 1961
100 _aসেনগুপ্ত, সুবোধচন্দ্র
_9137227
245 1 0 _aবঙ্কিমচন্দ্র /
_cসুবোধচন্দ্র সেনগুপ্ত
250 _a৩য় সং.
260 _aকলিকাতা :
_bএস. সি. সরকার এ্যান্ড সন্স,
_c১৯৬১ (১৩৬৮)
300 _a[৮], ২১০ পৃ. ;
_c২১ সেমি.
500 _aনির্ঘণ্ট সংযুক্ত
650 _aবাংলা উপন্যাস
_xইতিহাস ও সমালোচনা
_9120092
650 _aBengali Fiction
_xHistory and Criticism
_9118845
942 _2ddc
_cBK
999 _c44762
_d44762